[Event "Titled Tuesday intern op 12th Dec"]
[Site "Chess.com INT"]
[Date "2017.12.12"]
[Round "7"]
[White "Almiron Villalba, Antonio Sebastian"]
[Black "Bologan, Viktor"]
[Result "1-0"]
[WhiteElo "2384"]
[BlackElo "2607"]
[PlyCount "93"]
[EventDate "2017.12.12"]
[EventType "swiss (blitz)"]
[EventRounds "10"]
[EventCountry "USA"]
[SourceTitle "EXT 2021"]
[Source "ChessBase"]
[SourceDate "2020.10.23"]
[SourceVersion "1"]
[SourceVersionDate "2020.10.23"]
[SourceQuality "1"]

1. d4 Nf6 2. c4 e6 3. Nf3 b6 4. g3 Bb7 5. Bg2 Be7 6. 0-0 0-0 7. Nc3 Ne4 8. Qc2 Nxc3 9. bxc3 Nc6 10. h4 Na5 11. Ng5 Bxg5 12. Bxb7 Nxb7 13. hxg5 Na5 14. Kg2 f5 15. gxf6 Qxf6 16. Qd3 d6 17. Be3 e5 18. Rh1 Qf5 19. Rh4 Rae8 20. d5 e4 21. Qd4 Qe5 22. Rah1 h6 23. Rg4 Kh7 24. Rhh4 Qxd4 25. Bxd4 Rf7 26. Rxe4 Rxe4 27. Rxe4 Nxc4 28. Bxg7 Nd2 29. Rd4 Nb1 30. Rd1 Na3 31. Bd4 Re7 32. Kf3 Nc4 33. e4 a5 34. g4 Kg6 35. Kf4 b5 36. f3 Re8 37. Kg3 Re7 38. Re1 Nd2 39. Re2 Nc4 40. f4 Re8 41. f5+ Kf7 42. Kf4 Ne5 43. Rh2 Rg8 44. Bxe5 dxe5+ 45. Kxe5 Rxg4 46. Rxh6 Rxe4+ 47. Kxe4 1-0